000 00634cam a22002411 4500
001 sa 68009082
003 DLC
005 20260227112539.0
008 890504s1967 ii b 000 0 tamo
010 _asa 68009082
035 _a(OCoLC)19654965
040 _aDLC
_cWaU
_dDLC
042 _apremarc
043 _aa-ce---
050 0 0 _aPL4758.1
_b.K3
100 1 _aKaṇapatippiḷḷai, Ten̲pulōliyūr M.
245 1 0 _aĪl̲anāṭṭin̲ Tamil̲c cuṭarmaṇika.
260 _c[1967]
300 _a242 p.
_c18 cm.
500 _aIn Tamil.
504 _aBibliography: p.[215]-233.
650 0 _aAuthors, Tamil
_zSri Lanka.
999 _c82703
_d82703